| 000 | 00649nam a2200193 a 4500 | ||
|---|---|---|---|
| 001 | 000046528 | ||
| 005 | 20201002052933.0 | ||
| 008 | 150824s2004 dr a 000 0 spa d | ||
| 020 | _a9993491748 | ||
| 040 |
_aDO-SdBNP _bspa _cBNPHU |
||
| 082 |
_axxxx _bxxxx |
||
| 245 | 0 | 0 |
_aCaligrafía cursiva 1 / _ccorrección de textos María E. Gallgos, Néstor Leal ; ilustraciones Alejandro Juzgado. |
| 260 |
_aSanto Domingo : _aActualidad Escolar 2000, _cs. f. |
||
| 300 |
_a31 p. : _bil. ; _c28 cm. |
||
| 590 | _aInventariado, 2018/LP | ||
| 700 | 1 |
_aGallgos, María E. _974515 |
|
| 700 | 1 |
_aLeal, Néstor _974516 |
|
| 700 | 1 |
_aJuzgado, Alejandro, _eil. _974437 |
|
| 999 |
_c46017 _d46017 |
||